|
|
|
|
| LEADER |
00000nab a2200000uu 4500 |
| 001 |
vtls011486114 |
| 003 |
SK-MaSNL |
| 005 |
20260303154416.0 |
| 008 |
230222|1982 xo |||||||||||||||||slo| |
| 015 |
|
|
|a SNBRB
|
| 035 |
|
|
|a (urnnbn)urn:nbn:sk:snk:ar-00798m
|
| 035 |
|
|
|a (uuid)67e44078-3e17-425b-a56a-290896a362fd
|
| 035 |
|
|
|a urn:nbn:sk:snk-abdcbp
|
| 040 |
|
|
|a SNKBUCL
|b slo
|c SNKBUCL
|e AACR2
|
| 041 |
0 |
|
|a slo
|
| 044 |
|
|
|a xo
|c SK
|
| 100 |
1 |
|
|a Stuchlý, Milan
|4 aut
|9 6999
|
| 245 |
1 |
0 |
|a Perspektívny vývoj funkcií bývania z hľadiska šetrenia pôdou zdrojmi energií a surovín vo vzťahu k zvyšovaniu kvality obytného prostredia v SSR
|c Milan Stuchlý
|
| 773 |
0 |
|
|t Urbanita : vedecko-technické informácie z oblasti urbanizmu a územného plánovania
|g Roč. 10, č. 35-36 (1982), s. 19-27
|
| 954 |
|
|
|a odborná, vedecká literatúra pôvodná (slovenská)
|2 lita
|
| 958 |
|
|
|a OND
|
| 958 |
|
|
|a EUIPO
|
| 958 |
|
|
|a article18
|
| 999 |
|
|
|c 2034039
|d 2035969
|